Województwa Polski z lat 1773-1793 (z mapą) - Statystyki

Ogólne statystyki
  • Ten quiz został rozwiązany 48 razy
  • Średni wynik to 17 z 33
Odpowiedzi na mapie
Odpowiedzi zakodowano w zielono-czerwonej skali na mapie do tego quizu, zgodnie z poniższymi procentami.
 
Statystyki odpowiedzi
Województwo % Poprawnych
poznańskie
95%
krakowskie
86%
mazowieckie
81%
wileńskie
81%
lubelskie
73%
pomorskie
73%
kijowskie
70%
płockie
65%
mińskie
62%
podlaskie
59%
żmudzkie
59%
Księstwo {Kurlandzkie}
57%
sandomierskie
54%
sieradzkie
54%
wołyńskie
54%
kaliskie
51%
nowogródzkie
43%
łęczyckie
41%
podolskie
41%
chełmińskie
38%
inowrocławskie
38%
trockie
38%
bracławskie
35%
gnieźnieńskie
35%
Księstwo {siewierskie}
35%
połockie
35%
rawskie
35%
brzesko-litewskie
32%
ruskie
32%
brzesko-kujawskie
30%
witebskie
30%
bełskie
24%
Powiat {piltyński}
16%
Nie znaleziono quizów pasujących do podanych kryteriów
Rozkład punktacji
Procent ludzi z każdym wynikiem
Percentyl według liczby udzielonych odpowiedzi
Twoja historia wyników
Nie rozwiązałeś tego quizu